000 01289nam a22003377a 4500
003 CHAP
005 20220329134856.0
008 971013s1980 r 00010 d
010 _a27313
011 _a28285
035 _a32388
040 _cCHAP
082 _a338.17315
_bI5
110 _aInstituto Nacional de Capacitación del Sector Agropecuario, A. C. México
_959291
245 _aImpacto del crédito oficial en la producción y productividad del maíz
260 _aMéxico, D.F. :
_bEl Instituto,
_c1980
300 _a160 p.
_b; apénd
500 _ac.3 y 4 reimp. de 1982
590 _aBATCH-UPD
_b10
_c20130110
_lUCH01
_h1845
590 _aBATCH-UPD
_b10
_c20130410
_lUCH01
_h1215
590 _aBATCH-UPD
_b10
_c20130914
_lUCH01
_h1101
590 _aCONVERSION
_b10
_c20130109
_lUCH01
_h1316
650 1 4 _aCrédito agrícola
_zMéxico.
_929089
650 1 4 _aMaíz
_xAspectos económicos
_xMéxico.
_970874
901 _aBK
942 _cLIBRO
949 _a338.17315 I5
_bBC
_cLIBRO
_d-75201
_eLIBRO
_h52511
_i32388
_mD
_si
949 _a338.17315 I5
_bBC
_cLIBRO
_d33724000111399
_eLIBRO
_fc.3
_h66737
_i32388
_mD
_si
949 _a338.17315 I5
_bBC
_cLIBRO
_d33724000111423
_eLIBRO
_fc.4
_h66738
_i32388
_mD
_si
949 _a338.17315 I5
_bBC
_cLIBRO
_d33724000938999
_eLIBRO
_fc.2
_h52946
_i32388
_mD
_si
999 _c27313
_d27313